000 00513nam a2200193Ia 4500
003 GCL
008 140319s9999 xx 000 0 ara d
040 _aGCL /
_cGCL
082 0 4 _a823
_bل ق
100 1 _aلندن، جاك
245 1 0 _aالقدم الحديدية /
_cلندن، جاك
700 1 _aثروت سلامة
300 _a350 ص
490 _a
650 0 4 _aالادب
650 0 4 _aالادب الانجليزى
650 0 4 _aالادب الانجليزى المترجم
942 _2ddc
_cBK
999 _c40250
_d40250